000 00296nam a22001337a 4500
008 190305b xxu||||| |||| 00| 0 eng d
020 _a0721638708
041 _aeng
080 _a610
100 _a4
101 _aSHM
245 _aDiagnosis of Diseases of the Chest
_cFraser
942 _2udc
_cBK
999 _c54566
_d54566